| 000 | 00424nam a22001697a 4500 | ||
|---|---|---|---|
| 003 | SGT | ||
| 020 | _a9788131727201 | ||
| 082 | _a658, ROB | ||
| 100 | _aROBBINS P.STEPHEN | ||
| 245 | _aMANAGEMENT | ||
| 250 | _a10TH | ||
| 260 |
_aNEW DELHI _bPEARSON _c2010 |
||
| 300 | _a545 | ||
| 650 | _aMANAGEMENT | ||
| 653 | _aDefining the Manager’s Terrain, Planning, Organizing, Leading, Controlling | ||
| 942 |
_2ddc _cFCM _04 |
||
| 999 |
_c9069 _d9069 |
||